[Event "Bagnoles de l'Orne"]
[Site "Bagnoles de l'Orne"]
[Date "2009.05.31"]
[Round "3"]
[White "Lucazeau, Alain"]
[Black "Eber, Raoul"]
[Result "1/2-1/2"]
[WhiteElo "1590"]
[BlackElo "1510"]
[PlyCount "78"]
[EventDate "2009.05.30"]
[EventType "swiss"]
[EventRounds "6"]
[EventCountry "FRA"]
[SourceTitle "CBM 130 Extra"]
[Source "ChessBase"]
[SourceDate "2009.07.02"]
[SourceVersion "2"]
[SourceVersionDate "2009.07.15"]
[SourceQuality "1"]

1. e4 e6 2. d4 d5 3. exd5 exd5 4. Nf3 Nf6 5. Be2 Bd6 6. Be3 0-0 7. Nbd2 Re8 8. c4 c6 9. c5 Bc7 10. 0-0 Be6 11. Re1 Nbd7 12. Bd3 Qb8 13. Qc2 Nf8 14. Nf1 Bg4 15. Ne5 Bxe5 16. dxe5 Qxe5 17. Bd2 Qc7 18. Bg5 N6d7 19. Be7 Bh5 20. Ng3 Bg6 21. Nf5 Bxf5 22. Bxf5 Ng6 23. Bxd7 Rxe7 24. Rxe7 Nxe7 25. Bh3 Rd8 26. b4 d4 27. Rd1 Qe5 28. g3 Nd5 29. Qd2 Nc7 30. Bf1 Nb5 31. Bxb5 cxb5 32. Re1 Qf6 33. Qd3 a6 34. Qe4 Qc6 35. Qe7 Rf8 36. Rd1 Qd5 37. Rd2 d3 38. a3 h6 39. Qe3 Qd8 1/2-1/2

[Event "Bagnoles de l'Orne"]
[Site "Bagnoles de l'Orne"]
[Date "2009.05.30"]
[Round "2"]
[White "Eber, Raoul"]
[Black "Legras, Sebastien"]
[Result "0-1"]
[WhiteElo "1510"]
[BlackElo "1700"]
[PlyCount "120"]
[EventDate "2009.05.30"]
[EventType "swiss"]
[EventRounds "6"]
[EventCountry "FRA"]
[SourceTitle "CBM 130 Extra"]
[Source "ChessBase"]
[SourceDate "2009.07.02"]
[SourceVersion "2"]
[SourceVersionDate "2009.07.15"]
[SourceQuality "1"]

1. e4 c5 2. Nf3 d6 3. d4 cxd4 4. Nxd4 Nf6 5. Nc3 a6 6. Be2 e5 7. Nf3 b6 8. 0-0 Be7 9. Re1 Be6 10. Bf1 Nbd7 11. Nd5 Nxd5 12. exd5 Bf5 13. Bd3 Bxd3 14. Qxd3 0-0 15. Be3 Nf6 16. Qb3 b5 17. Rad1 Qc7 18. Nh4 Ng4 19. Nf5 Nxe3 20. Rxe3 Bf6 21. Re4 g6 22. Nh6+ Kg7 23. Ng4 Be7 24. Re2 f5 25. Ne3 Qd7 26. h3 f4 27. Ng4 Qf5 28. f3 Qg5 29. Re4 Bd8 30. c4 Rb8 31. cxb5 Rxb5 32. Rb4 Bb6+ 33. Kh1 Rb8 34. Rxb5 axb5 35. Qxb5 Qd8 36. Qe2 Bd4 37. b3 Qb6 38. Rc1 Qa7 39. Qc4 Bc5 40. Rc2 Rb4 41. Qe2 Qb6 42. Rc4 Rxc4 43. Qxc4 Qa5 44. Qe2 Qb4 45. Nf2 Qb6 46. Ne4 Bd4 47. Qc2 Kh6 48. Qc6 Qb4 49. Qc1 Qa5 50. Qd2 Qxd5 51. Nc3 Qa5 52. Ne4 Qb5 53. Qd1 Qb6 54. Qc2 d5 55. Nc3 Qc6 56. b4 Bxc3 57. b5 Qc8 58. a4 d4 59. b6 Qc4 60. Qc1 Qb4 0-1

[Event "Bagnoles de l'Orne"]
[Site "Bagnoles de l'Orne"]
[Date "2009.05.30"]
[Round "1"]
[White "Navrotescu, Andreea Cristiana"]
[Black "Eber, Raoul"]
[Result "1-0"]
[WhiteElo "1853"]
[BlackElo "1510"]
[PlyCount "61"]
[EventDate "2009.05.30"]
[EventType "swiss"]
[EventRounds "6"]
[EventCountry "FRA"]
[SourceTitle "CBM 130 Extra"]
[Source "ChessBase"]
[SourceDate "2009.07.02"]
[SourceVersion "2"]
[SourceVersionDate "2009.07.15"]
[SourceQuality "1"]

1. d4 e6 2. c4 Nf6 3. Nc3 d5 4. Bg5 Nbd7 5. cxd5 exd5 6. e3 Be7 7. Bd3 0-0 8. Qc2 h6 9. Bh4 c6 10. Nf3 Ne8 11. Bxe7 Qxe7 12. 0-0 Ndf6 13. Rab1 Nd6 14. b4 Bd7 15. Ne5 Rfe8 16. Nxd7 Qxd7 17. b5 Rab8 18. bxc6 bxc6 19. Na4 Nb7 20. Rfc1 Na5 21. Nc5 Qe7 22. Qc3 Nb7 23. Nxb7 Rxb7 24. Qxc6 Rbb8 25. h3 g6 26. Rxb8 Rxb8 27. Qc7 Re8 28. Bb5 Qxc7 29. Rxc7 Rb8 30. a4 a6 31. Ra7 1-0

[Event "Agneaux St Lo op 09th"]
[Site "Agneaux"]
[Date "2005.02.17"]
[Round "2"]
[White "Eber, Raoul"]
[Black "Varin, Valentin"]
[Result "1/2-1/2"]
[WhiteElo "1550"]
[BlackElo "1430"]
[PlyCount "55"]
[EventDate "2005.02.16"]
[EventType "swiss"]
[EventRounds "6"]
[EventCountry "FRA"]
[SourceTitle "EXT 2006"]
[Source "ChessBase"]
[SourceDate "2005.11.24"]
[SourceVersion "1"]
[SourceVersionDate "2005.11.24"]
[SourceQuality "1"]

1. e4 c5 2. Nf3 Nc6 3. d4 cxd4 4. Nxd4 e5 5. Nf3 Nf6 6. Bg5 Qb6 7. Bxf6 gxf6 8. b3 Bc5 9. Qd2 Nd4 10. Nxd4 exd4 11. a3 a5 12. Bc4 Qd6 13. 0-0 a4 14. b4 Bb6 15. Qd3 Bc7 16. Qg3 Qxg3 17. hxg3 h5 18. Nd2 h4 19. gxh4 Rxh4 20. g3 Rh8 21. Nf3 Be5 22. Kg2 b6 23. Bd5 Ra7 24. Rh1 Rxh1 25. Rxh1 d6 26. Rh8+ Kd7 27. Rh7 Ke8 28. Rh8+ 1/2-1/2

[Event "FRA-ch op-C"]
[Site "Chartres"]
[Date "2005.??.??"]
[Round "6"]
[White "Eber, Raoul"]
[Black "Trannoy, Arthur"]
[Result "1-0"]
[WhiteElo "1480"]
[BlackElo "1700"]
[PlyCount "67"]
[EventDate "2005.08.15"]
[EventType "swiss"]
[EventRounds "11"]
[EventCountry "FRA"]
[SourceTitle "EXT 2006"]
[Source "ChessBase"]
[SourceDate "2005.11.24"]
[SourceVersion "1"]
[SourceVersionDate "2005.11.24"]
[SourceQuality "1"]

1. e4 c5 2. Nf3 d6 3. d4 cxd4 4. Nxd4 Nf6 5. Nc3 g6 6. Be2 Bg7 7. Be3 0-0 8. Qd2 Nc6 9. f3 Qa5 10. Nb3 Qc7 11. Nd4 Nxd4 12. Bxd4 a6 13. g4 Rd8 14. g5 e5 15. gxf6 exd4 16. Nd5 Qc5 17. fxg7 Kxg7 18. 0-0-0 Kg8 19. Qh6 f5 20. b4 Qa7 21. Bc4 Be6 22. exf5 b5 23. Bb3 a5 24. fxe6 a4 25. Nf6+ Kh8 26. Bd5 Rac8 27. Be4 Rc7 28. Bxg6 Rdc8 29. Bxh7 Rxh7 30. Qxh7+ Qxh7 31. Nxh7 Kxh7 32. Rhg1 Re8 33. Rde1 Kh6 34. Kd2 1-0